ENAMI refinería de cobre Ventanas
Saved in:
| Main Authors: | , |
|---|---|
| Format: | Book |
| Language: | Spanish |
| Published: |
Santiago
Litografía Amenábar
1966
|
| Subjects: | |
| Tags: |
Add Tag
No Tags, Be the first to tag this record!
|
MARC
| LEADER | 00000nam a2200000 a 4500 | ||
|---|---|---|---|
| 001 | UCH9071 | ||
| 003 | CL-VaPUC | ||
| 008 | 091224e19660000CL |||||||||||||||||spa|d | ||
| 082 | 0 | 4 | |a 669.983 |b CAC |2 21 |
| 100 | 0 | |a Cáceres, Leonardo |e author |9 545914 | |
| 700 | 0 | |a Guerrero Pavez, Félix |e author |9 545915 | |
| 245 | 1 | 0 | |a ENAMI refinería de cobre Ventanas |
| 300 | |a pag. irreg | ||
| 942 | |c BK | ||
| 945 | |d 20091224 00:00:00 |a rbrito | ||
| 260 | |a Santiago |b Litografía Amenábar |c 1966 | ||
| 600 | 0 | 7 | |a ENAMI |2 CL-VaPUC |9 375600 |
| 650 | 0 | |a Industria minera |9 260256 | |
| 650 | 7 | |a REFINERIA DE COBRE |2 CL-VaPUC |9 545916 | |
| 650 | 0 | |a Cobre |9 255767 | |
| 651 | 0 | |a Las Ventanas, Chile |9 508425 | |
| 583 | |a last modification |c 20091224 00:00:00 |k Rodrigo Vera | ||
| 999 | |c 339135 |d 339133 | ||
| 952 | |0 0 |1 0 |4 0 |6 669_983000000000000_CAC_1966 |7 0 |8 X |9 432588 |a FDOBUD |b FDOBUD |d 2019-11-22 |i 4625536 |o 669.983 CAC 1966 |p 4625536 |r 2019-11-22 |w 2019-11-22 |y BK_X |k BUD | ||